000 00802nam a22002777a 4500
001 BR7575110
003 BR-BrBNA
005 20230928084849.0
007 ta
008 230509b bl.||||| |||| 00| 0 por d
040 _aBR-BrBNA
_bpor
_cBiblioteca Nacional de Agricultura
041 _a(Por)
072 _aQ10
_b3575
090 _ 3575 BR7575110
100 1 _aGregg, B.R.
100 1 _aFagundes, S.R.F.
110 1 _aApoio Governamental a Implantacao do Plano Nacional de Sementes, Brasilia, DF (Brasil)
_9128
245 1 _aManual de operacoes da mesa de gravidade [Semente; Processamento]
260 3 _aBrasilia, DF (Brasil):
_c1975.
300 _a78 p.
500 _a34 illus.
650 _aSEMENTE
650 _aBENEFICIAMENTO
909 _a202309
_bLucia
_c55
_dLucia Elande
942 _cBK
999 _c21543
_d21543